Indie Games by Pictures #15 - Statistics

General Stats
  • This quiz has been taken 25 times
  • The average score is 4 of 20
Answer Stats
Picture Answer % Correct
Minecraft
100%
Bloons
65%
Mewgenics
35%
Nine Sols
35%
Fancy Pants Adventures
30%
MiSide
30%
Braid
25%
BeamNG.drive
20%
FTL: Faster Than Light
20%
Devour
15%
Project Zomboid
15%
Adventures With Anxiety!
10%
Cry of Fear
10%
(Mario) The Music Box
10%
Shipwrecked 64
10%
Flower
5%
Gorogoa
0%
Indika
0%
Pizza Delivery
0%
The Artful Escape
0%
No matching quizzes found
Score Distribution
Percent of People with Each Score
Percentile by Number Answered
Your Score History
You have not taken this quiz